000
00279nam a2200085Ia 4500
245
0
_a
Entrepreneurship and small business management in the hospitality industry
100
_a
LEE-ROSS, Darren London, 2009
_9
77464
942
_c
BK
008
210817s9999 xx 000 0 und d
999
_c
264681
_d
264680